000 00453nam a2200157 a 4500
001 000045455
005 20201002052248.0
008 150326s1975 mx 000 0 spa d
040 _aDO-SdBNP
_bspa
_cBNPHU
082 _axxxx
_bxxxx
100 1 _aVasconcelos, José
_911189
245 1 0 _aBreve historia de México /
_cJosé Vasconcelos.
250 _a18a ed.
260 _aMéxico :
_bCompañia Editorial Continental,
_c1975.
300 _a565 p. ;
_c23 cm.
999 _c44944
_d44944